000 01048nam a22003258a 4500
999 _c1317
_d1317
001 1640605
003 CoMeUDC
005 20210318151217.0
008 190920s2019 ck d gr 00010 spa d
020 _a9789587715965
040 _aCO-BoBLA
_bspa
_cCO-BoBLA
043 _as-ck---
082 0 4 _a332.4
_bT17t
_22
100 1 _aTarapuez Chamorro, Edwin.
245 1 0 _aTeoría monetaria y bancaria /
_cEdwin Tarapuez Chamorro, Carlos Alberto Rivera Bermúdez, Omar Alberto Donneys Beltrán.
250 _a2a ed.
260 _aBogotá :
_bEcoe Ediciones,
_c2019.
300 _a392 p. :
_bil. byn;
_c24 cm.
490 0 _aColección ciencias empresariales
546 _aEspañol
650 4 _aTeora̕ monetaria.
650 _aBancos centrales.
650 4 _aSistema monetario internacional.
650 4 _aPolt̕ica monetaria.
650 4 _aInstituciones financieras
_z Colombia.
700 1 _aDonneys Beltrǹ, Omar Alberto.
700 1 _aRivera Bermd͠ez, Carlos Alberto.
942 _2ddc
_cBK
949 _ac
_bc